Catòlics de totes les contrades de parla catalana: com siga que la cristiandat es prepara a commemorar la publicació del Edicte de Milan, ... la 'Acadèmia de la Joventut Catòlica de Barcelona' pensa associar-s'hi amb un acte de cristiana i catalana significació ... com siga que la cristiandat es prepara a commemorar la publicació del Edicte de Milan, ... la 'Acadèmia de la Joventut Catòlica de Barcelona' pensa associar-s'hi amb un acte de cristiana i catalana significació ...
MARC
| LEADER | 00000nam a2200000Ia 4500 | ||
|---|---|---|---|
| 001 | 16177 | ||
| 003 | BGR | ||
| 005 | 20260410113640.0 | ||
| 008 | 160829s9999 xx 000 0 cat d | ||
| 080 | |a RF-13-20 | ||
| 110 | 2 | |9 70082 |a Acadèmia de la Joventut Catòlica de Barcelona | |
| 245 | |a Catòlics de totes les contrades de parla catalana: |b com siga que la cristiandat es prepara a commemorar la publicació del Edicte de Milan, ... la 'Acadèmia de la Joventut Catòlica de Barcelona' pensa associar-s'hi amb un acte de cristiana i catalana significació ... | ||
| 260 | |a Barcelona : |b (Imp. La hormiga de oro), [191- ?] | ||
| 300 | |a 1 díptic ; |c 28 cm | ||
| 590 | |a Programa de les festes que es van celebrar a l'Acadèmia de la Joventut Catòlica de Barcelona amb motiu del XVI centenari de la publicació de l'Edicte de Milà. | ||
| 590 | |a Prové de 2372, exp. 5. | ||
| 590 | |a Hi ha un duplicat al mateix expedient | ||
| 650 | |a Edicte de Milà |x Centenaris, etc. |9 46939 | ||
| 650 | |a Festivitats religioses |x Barcelona |x Programes |9 46940 | ||
| 856 | 4 | |u https://media.diba.cat/diba/fitxers/arxiu/fulletons/bib_16177_baixa.pdf |y Accés lliure | |
| 856 | 4 | |u https://media.diba.cat/diba/fitxers/arxiu/fulletons/bib_16177_baixa.pdf |y Accés lliure | |
| 900 | |a bib_16177_baixa.pdf | ||
| 901 | |a Arxiu | ||
| 942 | |n 1 |2 udc |c MON | ||
| 952 | |0 0 |1 0 |4 0 |6 RF1320 |7 1 |9 53548 |a Arxiu |b Arxiu |d 2016-12-01 |l 0 |o RF-13-20 |p 16177 |r 2016-12-01 00:00:00 |w 2016-12-01 |y ARXIU | ||
| 999 | |c 57414 |d 57414 | ||